Expresión corporal: la danza en la escuela
Este texto muestra lo importante que es la expresión corporal en la vida del individuo quien descubre su movimiento desde el vientre de la madre, además se observa la importancia de cultivar esta practica de expresión tanto en el hogar como en la escuela
Salvato in:
| Autore principale: | |
|---|---|
| Natura: | Libro |
| Lingua: | Spanish |
| Pubblicazione: |
Bogotá:
Fondo Educativo Panamericano,
1999
|
| Soggetti: | |
| Accesso online: | Enlace del recurso |
| Tags: |
Aggiungi Tag
Nessun Tag, puoi essere il primo ad aggiungerne! !
|
MARC
| LEADER | 00000nam a2200000 a 4500 | ||
|---|---|---|---|
| 001 | 001314 | ||
| 008 | 030730s1999 ck a fr# #000|0#spa#d | ||
| 020 | |a 958-9489-11-7 | ||
| 041 | 0 | |a spa | |
| 043 | |a s-ck--- | ||
| 082 | 0 | 4 | |a 370.119 |b B553e |
| 100 | 1 | |a Bonilla Estévez, Héctor | |
| 245 | 1 | 0 | |a Expresión corporal: |b la danza en la escuela |c Héctor Bonilla Estévez |
| 260 | |a Bogotá: |b Fondo Educativo Panamericano, |c 1999 | ||
| 300 | |a 164 p.: |b il. | ||
| 504 | |a Incluye bibliografía. | ||
| 520 | 3 | |a Este texto muestra lo importante que es la expresión corporal en la vida del individuo quien descubre su movimiento desde el vientre de la madre, además se observa la importancia de cultivar esta practica de expresión tanto en el hogar como en la escuela | |
| 650 | 1 | 4 | |a EDUCACIÓN ARTÍSTICA |z COLOMBIA |
| 650 | 1 | 4 | |a DANZAS Y NIÑOS |
| 999 | |c 3466 |d 3466 | ||
| 856 | |u https://catalogo.idep.edu.co/cgi-bin/koha/opac-detail.pl?biblionumber=3466 |z Enlace del recurso | ||